Victory, Defeat, Gender, and Disability: Blind War Veterans in Interwar Czechoslovakia
| Titel: | Victory, Defeat, Gender, and Disability: Blind War Veterans in Interwar Czechoslovakia / Adam Luptak, John Paul Newman |
|---|---|
| Verfasser: | ; |
| In: |
Journal of social history, Band 53, Heft 3 (2019 [2020]), Seite 604-619 alle Artikel anzeigen |
| Veröffentlicht: | 2020 |
| Format: | Aufsatz |
| Sprache: | Englisch |
X
alg: 53001019 001A $03025:20-05-25 001B $01999:20-05-25 $t23:23:30.000 001D $03025:20-05-25 001U $0utf8 001X $00 002@ $0Oou 002C $aText $btxt $2rdacontent 002D $aComputermedien $bc $2rdamedia 002E $aOnline-Ressource $bcr $2rdacarrier 003@ $0530010194 007A $0530010194 $aHEB 009Q $uhttps://doi.org/10.1093/jsh/shaa012 $xVolltext 010@ $aeng 010E $erda 011@ $a2020 021A $aVictory, Defeat, Gender, and Disability: Blind War Veterans in Interwar Czechoslovakia $hAdam Luptak, John Paul Newman 028A $BVerfasser $4aut $71164117580 $8Luptak, Adam [Tp3] $9434704059 028C $BVerfasser $#Newman, John P. $#Newman, John $4aut $71060388650 $8Newman, John Paul$Z1978- [Tp1] $9349324174 031A $d53 $e3 $h604-619 $j2019 [2020] 039B $aEnthalten in $8--Obvc--. Journal of social history. - Oxford : Oxford University Press, 1967-. - Online-Ressource. - ISSN 1527-1897 $x201900000530003396 $9092463754 044K $RProtektorat Böhmen und Mähren $RSlowakei $RSlowakei $RTschechien $#Tschechoslowakei $#Tschechoslowakei $#Tschechoslowakei $#Tschechische und Slowakische Föderative Republik $#République Tchéco-Slovaque $#Tchécoslovaquie $#Československá Federativní Republika $#Česká a Slovenská Federativní Republika $#Czech and Slovak Federal Republic $#ČSFR $#ČSSR $#ČSR $#RČS $#Československo $#Československá Socialistická Republika $#Československá Republika $#Tschechoslowakische Sozialistische Republik $#Tschechoslowakische Republik $#Tschechoslowakische Föderative Republik $#Republika Československá $#Czechoslovakia $#Čechoslovakische Republik $#République Tchécho-Slovaque $#Tchéchoslovaquie $#Czechoslovak Socialist Republic $#Checoeslovaquia $#Cecoslovacchia $#Čechoslovakija $#République tchécoslovaque $74078435-6 $8Tschechoslowakei [Tg1] $9085222305 044K $RBehinderung $RBehinderte Frau $#People with disabilities $#Handicapés $#Disabled Persons $#Behinderte $#Behinderter $#Invalide/Behinderte $#Behinderter $#Versehrter $#Mensch mit Behinderung $#Menschen mit Behinderungen $#Behinderte $#Behinderte Person $#Beeinträchtigte $74005279-5 $8Behinderter Mensch [Ts1] $9085005991 044K $RGeschlechterforschung $RGeschichtswissenschaft $RGeschlechterverhältnis $#Gender history $74547810-7 $8Geschlechtergeschichte [Ts1] $9089466187 044K $RSoldat $RKriegsteilnehmer $#Veterans $#Anciens combattants $#Reduci di guerra $#Veteranos $#Veteranen $#Kriegsveteran $74188196-5 $8Veteran [Ts1] $9085925268 045F $a306.094370904 $eDDC23BSB 045F/01 $a306.09 045F/03 $f0904 045F/03 $g437 045R $aGeschichte 1918-1939 045T $aROM $qDE-5 $2FID 045T $aROM $qDE-18 $2FID lok: 53001019 78 exp: 53001019 78 1 #EPN 201B/01 $020-05-25 $t11:10:34.000 201C/01 $020-05-25 201U/01 $0utf8 203@/01 $01304678024 208@/01 $a20-05-25 $be 209A/01 $a/ $f000 $x00 209A/01 $ab*p $x01 220C/01 $apgar 244Z/01 $#Tschechoslowakei $#Tschechoslowakei $#Tschechoslowakei $#Tschechische und Slowakische Föderative Republik $#République Tchéco-Slovaque $#Tchécoslovaquie $#Československá Federativní Republika $#Česká a Slovenská Federativní Republika $#Czech and Slovak Federal Republic $#ČSFR $#ČSSR $#ČSR $#RČS $#Československo $#Československá Socialistická Republika $#Československá Republika $#Tschechoslowakische Sozialistische Republik $#Tschechoslowakische Republik $#Tschechoslowakische Föderative Republik $#Republika Československá $#Czechoslovakia $#Čechoslovakische Republik $#République Tchécho-Slovaque $#Tchéchoslovaquie $#Czechoslovak Socialist Republic $#Checoeslovaquia $#Cecoslovacchia $#Čechoslovakija $#République tchécoslovaque $74078435-6 $8--Tg1--Tschechoslowakei $x04 $9085222305 247C/01 $82080>Marburg/Lahn, Herder-Institut, Forschungsbibliothek, Bibliographieportal $9336309341
| LEADER | 00000caa a2200000 c 4500 | ||
|---|---|---|---|
| 001 | 530010194 | ||
| 003 | DE-603 | ||
| 005 | 20250520232330.0 | ||
| 007 | cr|||||||||||| | ||
| 008 | 250520s2020 xx |||| o| u00||u|eng c | ||
| 035 | |a (DE-599)HEB530010194 | ||
| 040 | |a DE-603 |b ger |c DE-603 |d DE-603 |e rda | ||
| 041 | |a eng | ||
| 082 | 0 | 4 | |8 1\u |a 306.094370904 |q DE-101 |2 23/BSB |
| 084 | |a ROM |q DE-5 |2 fid | ||
| 084 | |a ROM |q DE-18 |2 fid | ||
| 085 | |8 1\u |b 306.09 | ||
| 085 | |8 1\u |z 1 |s 0904 | ||
| 085 | |8 1\u |z 2 |s 437 | ||
| 100 | 1 | |a Luptak, Adam |e Verfasser |4 aut |0 (DE-603)434704059 |0 (DE-588)1164117580 |2 gnd | |
| 245 | 0 | 0 | |a Victory, Defeat, Gender, and Disability: Blind War Veterans in Interwar Czechoslovakia |c Adam Luptak, John Paul Newman |
| 264 | 0 | |c 2020 | |
| 336 | |a Text |b txt |2 rdacontent | ||
| 337 | |a Computermedien |b c |2 rdamedia | ||
| 338 | |a Online-Ressource |b cr |2 rdacarrier | ||
| 648 | 7 | |a Geschichte 1918-1939 |2 gnd | |
| 650 | 7 | |a Behinderter Mensch |0 (DE-588)4005279-5 |0 (DE-603)085005991 |2 gnd | |
| 650 | 7 | |a Geschlechtergeschichte |0 (DE-588)4547810-7 |0 (DE-603)089466187 |2 gnd | |
| 650 | 7 | |a Veteran |0 (DE-588)4188196-5 |0 (DE-603)085925268 |2 gnd | |
| 651 | 7 | |a Tschechoslowakei |0 (DE-588)4078435-6 |0 (DE-603)085222305 |2 gnd | |
| 700 | 1 | |a Newman, John Paul |d 1978- |e Verfasser |4 aut |0 (DE-603)349324174 |0 (DE-588)1060388650 |2 gnd | |
| 773 | 0 | 8 | |i Enthalten in |t Journal of social history |d Oxford : Oxford University Press, 1967- |h Online-Ressource |x 1527-1897 |g Band 53, Heft 3 (2019 [2020]), Seite 604-619 |w (DE-603)092463754 |w (DE-600)2007084-6 |
| 856 | |u https://doi.org/10.1093/jsh/shaa012 | ||
| 924 | 1 | |9 2080 |a (DE-603)1304678024 |b DE-2080 |c HES |d d |g / | |


